000 00845nam a2200241Ia 4500
003 OSt
005 20221005111640.0
006 a|||||r|||| 00| 0
007 ta
008 221004b |||||||| |||| 00| 0 hin d
024 _a30318
037 _cTextual
040 _aCRL
_cCRL
_bhin
041 _2hin
_ahin
082 _aV1:2.N7, 152N3
100 _aराय, गॉंधीजी
245 0 _aतुलनात्मक शासन और राजनीति
246 _aTulanātmak shāsan aur rājanīti
260 _aपटना
_bभारत भवन पब्लिशर्स एण्ड डिस्ट्रीब्यूटर्स भारत
_c1993
300 _a573पृ.
_ccm.
942 _hV1:2.N7, 152N3
_cTEXL
_2cc
999 _c1022454
_d1022454